| 000 | 00637nam a22002297a 4500 | ||
|---|---|---|---|
| 001 | 000409 | ||
| 003 | DO-SdBNP | ||
| 005 | 20180201130333.0 | ||
| 007 | 000409 | ||
| 008 | 160720b 1991 xxu ||||| |||| 00| 0 spa d | ||
| 020 | _a0590446711 | ||
| 040 |
_aBPMSU _bspa _cBPMSU |
||
| 092 |
_axxxx _bxxxx |
||
| 100 | 1 | _aNorth, Sterling | |
| 245 | 1 | 0 |
_aRascal / _cSterling North ; illustrated by John Schoenherr. |
| 260 |
_aNew York : _bScholastic, _c1991. |
||
| 300 |
_a189 p. ; _c20 cm. |
||
| 700 | 1 | 2 |
_aSchoenherr, John, _eil. |
| 942 |
_2ddc _cBK |
||
| 945 | _aInventariado, 2018/ YL | ||
| 956 |
_2LOPEREZ _310 _620160720 _8BPMSU _a00041 |
||
| 999 |
_c10986 _d10986 |
||